00554nam a2200181Ia 4500003000900000008004100009020001800050040001600068080001500084100001800099245009500117260004800212300001500260490003800275650003000313650002100343650000800364IN-BaIIA211028s9999 xx 000 0 eng d a0-521-38261-0 cIIA Library a523.9bMAR aMariska, J. T 4aThe solar transition regioncJ. T. Mariska  aCambridgebCambridge University Pressc1992 axiv, 276p. aCambridge astrophysics series; 23 aAstronomical spectroscopy aSolar atmosphere aSun